The fatal illness of Frederick the Noble
Spremljeno u:
| Glavni autor: | |
|---|---|
| Format: | Knjiga |
| Jezik: | engleski |
| Izdano: |
Londres
Sampson Low, Marston, Searle & Rivington
1888
|
| Izdanje: | 1a. ed |
| Teme: | |
| Oznake: |
Dodaj oznaku
Bez oznaka, Budi prvi tko označuje ovaj zapis!
|
MARC
| LEADER | 00000nam a2200000 a 4500 | ||
|---|---|---|---|
| 001 | UCJ4330 | ||
| 003 | CL-VaPUC | ||
| 008 | 070124e18880000UK |||||||||||||||||eng|d | ||
| 082 | 0 | 4 | |a 923 |b MAC |2 21 |
| 100 | |a Mackenzie, Morell, |c Sir |e autor |9 507800 | ||
| 245 | 1 | 4 | |a The fatal illness of Frederick the Noble |
| 250 | |a 1a. ed | ||
| 300 | |a 244 p | ||
| 942 | |c BK | ||
| 945 | |d 20070124 00:00:00 |a rinostro | ||
| 260 | |a Londres |b Sampson Low, Marston, Searle & Rivington |c 1888 | ||
| 500 | |a Ilustraciones | ||
| 600 | 0 | 7 | |a FEDERICO DE PRUSIA |2 CL-VaPUC |9 507801 |
| 650 | 0 | |a Medicina |9 258507 | |
| 650 | 0 | |a Laringología |9 507802 | |
| 650 | 7 | |a TRAQUEOTOMIA |2 CL-VaPUC |9 507803 | |
| 650 | 7 | |a ESTADISTICAS MEDICAS |2 CL-VaPUC |9 425583 | |
| 650 | 0 | |a Cáncer |9 315942 | |
| 583 | |a last modification |c 20070124 00:00:00 |k Rodrigo Vera | ||
| 999 | |c 320446 |d 320444 | ||
| 952 | |0 0 |1 0 |4 0 |6 923_000000000000000_MAC_1888 |7 0 |8 X |9 398966 |a FDOBUD |b FDOBUD |d 2019-11-22 |i 1016687 |o 923 MAC 1888 |p 1016687 |r 2019-11-22 |w 2019-11-22 |y BK_X |k BUD | ||